Are These Bands Still Active? - #2 - Statistics

General Stats
  • This quiz has been taken 20 times
  • The average score is 11 of 15
Answer Stats
Question Answer % Correct
U2 Active
100%
Green Day Active
100%
Creedence Clearwater Revival Disbanded
100%
Red Hot Chili Peppers Active
83%
ZZ Top Active
83%
Van Halen Disbanded
83%
Pink Floyd Disbanded
83%
R.E.M. Disbanded
83%
The Ramones Disbanded
83%
Santana Active
67%
The Eagles Active
50%
Panic! At the Disco Disbanded
50%
Styx Active
33%
The Scorpions Active
33%
Rage Against the Machine Disbanded
33%
No matching quizzes found
Score Distribution
Percent of People with Each Score
Percentile by Number Answered
Your Score History
You have not taken this quiz